Personnages Bloom (anime et manga) - Statistiques

Statistiques générales
  • Ce quiz a été pris 67 fois
  • Le résultat moyen est 6 sur 16
Statistiques - réponses
Par images Réponse % Correct
Kaoruko Waguri
96%
Rintaro Tsumugi
89%
Subaru Hoshina
67%
Saku Natsusawa
56%
Kosuke Waguri
49%
Ayato Yorita
40%
Shohei Usami
38%
Kyoko Tsumugi
31%
Keichiro Tsumugi
29%
Sotaro Tsumugi
29%
Madoka Yuzuhara
22%
Mio Natsusawa
22%
Shin Tsukasa
18%
Lucas Durand
9%
Toki
9%
Reo Hidaka
2%
Aucun quiz correspondant
Distribution des résultats
% des personnes avec chaque résultat
Percentile par nombre de réponses
Votre historique - résultats
Vous n’avez pas pris ce quiz